[Event "Bergische SF 1 - SC Bonn Beuel 1"]
[Site "NRW-Klasse - Gruppe 4 2019/20"]
[Date "2019.11.03"]
[Round "3.3"]
[White "Gikas, Andreas Basilius"]
[Black "Heckoetter, Christian"]
[Result "1/2-1/2"]
[WhiteElo "2183"]
[BlackElo "1991"]
[PlyCount "96"]
[EventDate "2019.??.??"]
[SourceVersionDate "2020.03.16"]
[WhiteTeam "SC Bonn Beuel 1"]
[BlackTeam "Bergische SF 1"]

1. e4 e6 2. d4 d5 3. Nc3 Bb4 4. e5 c5 5. Qg4 Ne7 6. dxc5 Nbc6 7. Nf3 d4 8. a3
Qa5 9. Bd3 dxc3 10. O-O cxb2 11. Bxb2 Bc3 12. Bxc3 Qxc3 13. Qxg7 Rg8 14. Qxh7
Nxe5 15. Nxe5 Qxe5 16. Bb5+ Kf8 17. Rad1 Nd5 18. Rfe1 Qg5 19. Bf1 Nf6 20. Qd3
Qxc5 21. Re3 Bd7 22. Rf3 Nd5 23. c4 Nb6 24. Qh7 Qe7 25. Rdd3 f5 26. Qh6+ Qg7
27. Qd2 Bc6 28. Rg3 Qf6 29. Qb4+ Kf7 30. a4 Rxg3 31. Rxg3 Rg8 32. Rxg8 Kxg8 33.
a5 Nd7 34. a6 b6 35. Qd6 e5 36. Qc7 Kf8 37. h4 Ke7 38. h5 Qd6 39. Qxa7 Qb8 40.
Qxb8 Nxb8 41. a7 Nd7 42. g3 e4 43. Bh3 Kf6 44. g4 fxg4 45. Bxg4 Ne5 46. Be2
Nf3+ 47. Kg2 Kg5 48. Kg3 Bb7 1/2-1/2

[Event "Bergische SF 1 - SC Bonn Beuel 1"]
[Site "NRW-Klasse - Gruppe 4 2019/20"]
[Date "2019.11.03"]
[Round "3.4"]
[White "Weiser, Hans-Josef"]
[Black "Rosskothen, Arnd"]
[Result "0-1"]
[WhiteElo "1965"]
[BlackElo "2052"]
[Annotator "Daniel"]
[PlyCount "108"]
[EventDate "2019.??.??"]
[SourceVersionDate "2020.03.16"]
[WhiteTeam "Bergische SF 1"]
[BlackTeam "SC Bonn Beuel 1"]

1. e4 c5 2. Nf3 e6 3. d4 cxd4 4. Nxd4 Nc6 5. Nc3 Qc7 6. Be3 a6 7. Bd3 Nf6 8.
O-O Nxd4 9. Bxd4 Bc5 10. Be2 d6 11. Bf3 e5 12. Bxc5 dxc5 13. Nd5 Nxd5 14. exd5
Qd6 15. c4 O-O 16. g3 Bd7 17. b3 b5 18. Be2 b4 19. f4 Rfe8 20. fxe5 Qxe5 21.
Bf3 $11 a5 22. Qd2 a4 23. Rae1 Qd6 24. Bd1 a3 25. Bc2 Rxe1 26. Rxe1 Re8 27.
Rxe8+ Bxe8 28. Qf4 Qxf4 29. gxf4 Kf8 30. Kf2 Ke7 31. Ke3 h6 32. f5 g5 33. fxg6
fxg6 34. h4 g5 35. hxg5 hxg5 36. Be4 Kd6 37. Bd3 Ke5 38. Kd2 g4 39. Be2 Kf4 40.
Bf1 Kf3 41. Be2+ Kf4 42. Bf1 Bd7 43. Bg2 Kg3 44. Be4 Kf2 45. Bh1 g3 46. Kc1 g2
47. Bxg2 Kxg2 48. Kb1 Kf3 49. Ka1 Kf4 50. Kb1 Ke5 51. Ka1 Kd4 52. Kb1 Kc3 53.
Ka1 Kc2 54. d6 Kc3 0-1

[Event "Bergische SF 1 - SC Bonn Beuel 1"]
[Site "NRW-Klasse - Gruppe 4 2019/20"]
[Date "2019.11.03"]
[Round "3.5"]
[White "Woeltge, Carsten"]
[Black "Thelen, Harm-Wulf"]
[Result "0-1"]
[WhiteElo "1879"]
[BlackElo "1931"]
[Annotator "Daniel"]
[PlyCount "70"]
[EventDate "2019.??.??"]
[SourceVersionDate "2020.03.16"]
[WhiteTeam "SC Bonn Beuel 1"]
[BlackTeam "Bergische SF 1"]

1. d4 Nf6 2. c4 g6 3. Nc3 Bg7 4. e4 d6 5. Nf3 Nbd7 6. Be2 e5 7. d5 Nc5 8. Qc2
a5 9. O-O O-O 10. a3 a4 11. Be3 Nb3 12. Rad1 Bd7 13. Nd2 Nc5 14. Rb1 Ne8 15. f4
exf4 16. Bxf4 f5 17. Be3 b6 18. Bxc5 bxc5 19. exf5 Bxf5 20. Bd3 Bd4+ 21. Kh1
Ng7 22. Ne2 Be5 23. Nf3 Bf6 24. Ng3 Bxd3 25. Qxd3 $11 Rb8 26. Qc2 Qd7 27. Nd2
Be5 28. Rxf8+ Rxf8 29. Nde4 Nf5 30. Qd3 Qg7 31. b3 axb3 32. Qxb3 Qh6 33. Qd3
Ne3 34. Re1 Bxg3 35. Nxg3 Ng4 0-1

[Event "Bergische SF 1 - SC Bonn Beuel 1"]
[Site "NRW-Klasse - Gruppe 4 2019/20"]
[Date "2019.11.03"]
[Round "3.6"]
[White "Gutt, Oswald"]
[Black "Oechtering, Marcus"]
[Result "0-1"]
[WhiteElo "1886"]
[BlackElo "1881"]
[PlyCount "72"]
[EventDate "2019.??.??"]
[SourceVersionDate "2020.03.16"]
[WhiteTeam "Bergische SF 1"]
[BlackTeam "SC Bonn Beuel 1"]

1. e4 e5 2. Nf3 Nc6 3. Bb5 a6 4. Bxc6 dxc6 5. O-O Bg4 6. h3 Bxf3 7. Qxf3 Qf6 8.
Qxf6 Nxf6 9. d3 Bd6 10. a4 Nd7 11. Na3 Bxa3 12. Rxa3 f6 13. Be3 a5 14. c3 c5
15. d4 c4 16. d5 O-O 17. b3 cxb3 18. Rxb3 b6 19. g4 g5 20. c4 Rfc8 21. c5 bxc5
22. Rc1 Rcb8 23. Rxb8+ Rxb8 24. Bxc5 Kf7 25. Be3 Rb7 26. Rc6 Rb4 27. Rxc7 Ke8
28. f3 Rxa4 29. Ra7 Ra2 30. Bf2 a4 31. Ra8+ Ke7 32. Rh8 Kd6 33. Rc8 a3 34. Rc6+
Ke7 35. Bc5+ Nxc5 36. Rxc5 Rb2 0-1

[Event "Bergische SF 1 - SC Bonn Beuel 1"]
[Site "NRW-Klasse - Gruppe 4 2019/20"]
[Date "2019.11.03"]
[Round "3.7"]
[White "Workowski, Uwe"]
[Black "Hennig, Patric"]
[Result "0-1"]
[WhiteElo "1860"]
[BlackElo "1883"]
[PlyCount "68"]
[EventDate "2019.??.??"]
[SourceVersionDate "2020.03.16"]
[WhiteTeam "SC Bonn Beuel 1"]
[BlackTeam "Bergische SF 1"]

1. c4 c6 2. g3 d5 3. cxd5 Qxd5 4. Nf3 Nf6 5. Bg2 Qd8 6. O-O Bf5 7. d3 e6 8. Nc3
Nbd7 9. Rb1 h6 10. b4 Nd5 11. Nxd5 cxd5 12. Qb3 Be7 13. Bf4 g5 14. Be3 Bf6 15.
Rfc1 O-O 16. Rc2 Ne5 17. Rbc1 Ng4 18. Bc5 Re8 19. h3 Ne5 20. a4 h5 21. Nxe5
Bxe5 22. e4 dxe4 23. dxe4 Bg6 24. Be3 Qf6 25. Rd2 h4 26. Rf1 hxg3 27. fxg3 Qe7
28. Bd4 Qc7 29. Rc2 Bxd4+ 30. Kh2 Qe5 31. b5 Rac8 32. Rd2 Rc3 33. Qb4 Qxg3+ 34.
Kh1 Be5 0-1

[Event "Bergische SF 1 - SC Bonn Beuel 1"]
[Site "NRW-Klasse - Gruppe 4 2019/20"]
[Date "2019.11.03"]
[Round "3.8"]
[White "Rosenauer, Horst"]
[Black "Muslumov, Osman"]
[Result "1-0"]
[WhiteElo "1841"]
[BlackElo "1753"]
[PlyCount "79"]
[EventDate "2019.??.??"]
[SourceVersionDate "2020.03.16"]
[WhiteTeam "Bergische SF 1"]
[BlackTeam "SC Bonn Beuel 1"]

1. e4 d5 2. exd5 Qxd5 3. Nc3 Qa5 4. Nf3 Nf6 5. Bc4 c6 6. d3 Bg4 7. h3 Qh5 8.
Qe2 Nbd7 9. Bf4 Bxf3 10. gxf3 e6 11. O-O-O O-O-O 12. Qe3 Nb6 13. Bb3 Nfd5 14.
Nxd5 cxd5 15. Be5 Qf5 16. Rdg1 f6 17. Bd4 Bd6 18. Kb1 Bf4 19. Qe1 Rd7 20. Qa5
Bb8 21. Bxb6 axb6 22. Qxb6 Bc7 23. Qe3 Rhd8 24. Ba4 Re7 25. Rg4 d4 26. Qe4 Qa5
27. Bb3 f5 28. Bxe6+ Kb8 29. Qxf5 Qd2 30. Re4 g6 31. Qf6 Bd6 32. Rhe1 Bb4 33.
Qe5+ Ka8 34. R4e2 Qh6 35. c3 dxc3 36. bxc3 Qh4 37. Re4 Bxc3 38. Qxc3 Qxf2 39.
Qa5+ Kb8 40. Qxd8+ 1-0

[Event "SG Solingen 3 - SV Hilden 1"]
[Site "NRW-Klasse - Gruppe 4 2019/20"]
[Date "2019.11.03"]
[Round "3.1"]
[White "Kretzschmar, Michael"]
[Black "Zolfagharian, Kevin"]
[Result "0-1"]
[WhiteElo "2120"]
[BlackElo "2268"]
[PlyCount "82"]
[EventDate "2019.??.??"]
[SourceVersionDate "2020.03.16"]
[WhiteTeam "SV Hilden 1"]
[BlackTeam "SG Solingen 3"]

1. d4 Nf6 2. Nf3 g6 3. Nc3 d5 4. Bf4 a6 5. e3 Bg7 6. Be2 O-O 7. O-O b5 8. Ne5
Bb7 9. a4 c6 10. b4 Nbd7 11. Nd3 Ne4 12. Nxe4 dxe4 13. Nc5 Nxc5 14. bxc5 e5 15.
dxe5 Re8 16. Qxd8 Raxd8 17. Rfd1 Bf8 18. Rd6 Bxd6 19. cxd6 f6 20. exf6 Kf7 21.
h4 Kxf6 22. Bg5+ Ke6 23. Bxd8 Rxd8 24. c4 b4 25. c5 Kd5 26. Rc1 Bc8 27. f4 a5
28. Bd1 Ke6 29. Rc4 Ba6 30. Rxe4+ Kd5 31. Re5+ Kc4 32. Be2+ Kc3 33. Bd1 b3 34.
Bxb3 Kxb3 35. Re4 Bc4 36. Rd4 Kb4 37. e4 Kxc5 38. Rxc4+ Kxc4 39. e5 Kd5 40. Kf2
Ke4 41. g3 h6 0-1

[Event "SG Solingen 3 - SV Hilden 1"]
[Site "NRW-Klasse - Gruppe 4 2019/20"]
[Date "2019.11.03"]
[Round "3.2"]
[White "Hobusch, Jan"]
[Black "Mrotzek, Alexander"]
[Result "1-0"]
[WhiteElo "2180"]
[BlackElo "1996"]
[Annotator "Daniel"]
[PlyCount "95"]
[EventDate "2019.??.??"]
[SourceVersionDate "2020.03.16"]
[WhiteTeam "SG Solingen 3"]
[BlackTeam "SV Hilden 1"]

1. d4 Nf6 2. Bf4 g6 3. e3 Bg7 4. Nf3 c5 5. c3 cxd4 6. exd4 O-O 7. Bd3 b6 8. O-O
Bb7 9. Re1 Nd5 10. Bg5 h6 11. Bd2 Nc6 12. Qc1 g5 13. h4 f6 14. Be4 Na5 15. Na3
Rc8 $11 16. hxg5 hxg5 17. Qd1 e6 18. Bd3 g4 19. Nh2 f5 20. Qe2 Qh4 21. g3 Qh3
22. Qf1 Qh5 23. Nb5 f4 24. Qe2 fxg3 25. fxg3 Qh3 26. Qxg4 Qxg4 27. Nxg4 Rf3 28.
Be2 Rcf8 29. Kh2 R3f5 30. Rf1 Ba6 31. Rxf5 exf5 32. Ne5 d6 33. Nf3 Re8 34. Bd3
Re6 35. Re1 Rxe1 36. Nxe1 f4 37. gxf4 Bh6 38. Kg3 Bxb5 39. Bxb5 Nc7 40. Bd3 Kf7
41. Nf3 Kf6 42. Kg4 Nd5 43. Ng5 Nc6 44. c4 Ndb4 45. Be4 Nxd4 46. Bxb4 Bxg5 47.
fxg5+ Ke5 48. Bc3 1-0

[Event "SG Solingen 3 - SV Hilden 1"]
[Site "NRW-Klasse - Gruppe 4 2019/20"]
[Date "2019.11.03"]
[Round "3.3"]
[White "Payenberg, Dirk"]
[Black "Berg, Michael"]
[Result "0-1"]
[WhiteElo "1992"]
[BlackElo "2270"]
[PlyCount "86"]
[EventDate "2019.??.??"]
[SourceVersionDate "2020.03.16"]
[WhiteTeam "SV Hilden 1"]
[BlackTeam "SG Solingen 3"]

1. d4 Nf6 2. Bf4 c5 3. c3 b6 4. e3 Bb7 5. Nd2 g6 6. Qb3 cxd4 7. exd4 Bg7 8.
Ngf3 O-O 9. Be2 d6 10. O-O Nbd7 11. Rad1 Qc7 12. h3 Nd5 13. Bh2 Bh6 14. Rfe1
Nf4 15. Bf1 Rfe8 16. Ne4 a6 17. Neg5 Nd5 18. h4 b5 19. h5 N7f6 20. hxg6 hxg6
21. Qc2 Qd7 22. Ne6 Nc7 23. Nxc7 Qxc7 24. Nh4 Qd7 25. f3 Kg7 26. Bd3 Bg5 27.
Nxg6 fxg6 28. Bxg6 Rh8 29. Bg3 Bd5 30. f4 Bh4 31. Bf5 e6 32. Qf2 Bxg3 33. Qxg3+
Kf8 34. Qg5 Qf7 35. Bg6 Qg7 36. Rd3 Ke7 37. Rde3 Qh6 38. Qxh6 Rxh6 39. Bf5 Rg8
40. g3 Rh1+ 41. Kf2 Rxe1 42. Kxe1 Kf7 43. Bb1 Rh8 0-1

[Event "SG Solingen 3 - SV Hilden 1"]
[Site "NRW-Klasse - Gruppe 4 2019/20"]
[Date "2019.11.03"]
[Round "3.4"]
[White "Kniest, Oliver"]
[Black "Kappelt, Joerg"]
[Result "1-0"]
[WhiteElo "2222"]
[BlackElo "2005"]
[PlyCount "63"]
[EventDate "2019.??.??"]
[SourceVersionDate "2020.03.16"]
[WhiteTeam "SG Solingen 3"]
[BlackTeam "SV Hilden 1"]

1. d4 Nf6 2. c4 g6 3. Nc3 Bg7 4. e4 d6 5. f3 O-O 6. Be3 e5 7. Nge2 Nc6 8. d5
Ne7 9. Ng3 c6 10. Be2 h5 11. O-O h4 12. Nh1 Nh5 13. g3 f5 14. f4 fxe4 15. Bxh5
Nf5 16. Bxg6 Nxe3 17. Qh5 Rf6 18. Qh7+ Kf8 19. Nxe4 Qb6 20. Rf2 Ng4 21. Nxf6
Nxf6 22. Qxh4 e4 23. f5 Bd7 24. g4 e3 25. Re2 Qd4 26. Qg3 cxd5 27. Qxd6+ Kg8
28. g5 Qg4+ 29. Rg2 Qd4 30. gxf6 e2+ 31. Nf2 Qe3 32. Qxd5+ 1-0

[Event "SG Solingen 3 - SV Hilden 1"]
[Site "NRW-Klasse - Gruppe 4 2019/20"]
[Date "2019.11.03"]
[Round "3.5"]
[White "Glowatz, Christoph"]
[Black "Borchert, Stephan"]
[Result "0-1"]
[WhiteElo "1980"]
[BlackElo "2074"]
[PlyCount "74"]
[EventDate "2019.??.??"]
[SourceVersionDate "2020.03.16"]
[WhiteTeam "SV Hilden 1"]
[BlackTeam "SG Solingen 3"]

1. d4 Nf6 2. Nf3 g6 3. c4 Bg7 4. Nc3 O-O 5. Bg5 c5 6. e3 Qa5 7. Qd2 Na6 8. Be2
d6 9. h3 Nc7 10. O-O Re8 11. a3 b6 12. b4 Qa6 13. Bd3 Be6 14. d5 Bd7 15. e4
Rad8 16. Rfe1 e5 17. Rab1 Rb8 18. Bf1 Qc8 19. Rb3 Nh5 20. Reb1 f5 21. bxc5 dxc5
22. Ne1 Rf8 23. Nd3 Na6 24. Be7 Re8 25. Bg5 Qc7 26. f3 Qd6 27. Be3 Qf8 28. a4
Ng3 29. a5 bxa5 30. Rb7 Nxf1 31. Kxf1 Qd6 32. Rxb8 Rxb8 33. Rxb8+ Qxb8 34. Bxc5
Qb3 35. Bxa7 Qxc4 36. Kf2 Nb4 37. Nxb4 axb4 0-1

[Event "SG Solingen 3 - SV Hilden 1"]
[Site "NRW-Klasse - Gruppe 4 2019/20"]
[Date "2019.11.03"]
[Round "3.6"]
[White "Auer, Martin"]
[Black "Schwab, Thomas"]
[Result "1-0"]
[WhiteElo "2169"]
[BlackElo "1938"]
[PlyCount "93"]
[EventDate "2019.??.??"]
[SourceVersionDate "2020.03.16"]
[WhiteTeam "SG Solingen 3"]
[BlackTeam "SV Hilden 1"]

1. f4 g6 2. Nf3 Bg7 3. d4 d5 4. e3 Nf6 5. Bd3 c5 6. c3 b6 7. Qe2 O-O 8. O-O a5
9. a4 Ba6 10. b3 Bxd3 11. Qxd3 Na6 12. Nbd2 e6 13. Ne5 Qc7 14. Ba3 Rfc8 15.
Rac1 Qb7 16. g4 Nd7 17. Rf2 f6 18. Nxd7 Qxd7 19. Rcf1 f5 20. h3 Qc6 21. Bb2 Nc7
22. Rc1 b5 23. axb5 Qxb5 24. c4 dxc4 25. Nxc4 Nd5 26. gxf5 exf5 27. dxc5 Nb4
28. Qd6 Bxb2 29. Nxb2 Ra6 30. Qd4 Rac6 31. Qe5 Rxc5 32. Qe6+ Kh8 33. Rxc5 Qxc5
34. Rd2 Rf8 35. Nc4 Qc6 36. Qe5+ Qf6 37. Qxa5 Nc6 38. Qc5 Ne7 39. Ne5 Rc8 40.
Qd4 Kg7 41. Kh2 Rc1 42. Qb2 Rc7 43. b4 h6 44. b5 Kh7 45. Qb3 Nc8 46. Nd7 Qe7
47. Qd5 1-0

[Event "SG Solingen 3 - SV Hilden 1"]
[Site "NRW-Klasse - Gruppe 4 2019/20"]
[Date "2019.11.03"]
[Round "3.7"]
[White "Hanke, Stefan"]
[Black "Peschel, Andreas"]
[Result "1/2-1/2"]
[WhiteElo "1955"]
[BlackElo "2113"]
[Annotator "Daniel"]
[PlyCount "96"]
[EventDate "2019.??.??"]
[SourceVersionDate "2020.03.16"]
[WhiteTeam "SV Hilden 1"]
[BlackTeam "SG Solingen 3"]

1. d4 g6 2. c4 Bg7 3. Nf3 c5 4. Nc3 cxd4 5. Nxd4 Nf6 6. g3 O-O 7. Bg2 Nc6 8.
O-O Qa5 9. e3 Rb8 10. Qd2 a6 11. b3 Rd8 12. Bb2 Nxd4 13. exd4 d6 14. Rad1 b5
15. cxb5 axb5 16. Nd5 Qxd2 17. Nxf6+ Bxf6 18. Rxd2 b4 19. Rc1 Bf5 20. d5 Bxb2
21. Rxb2 Rdc8 22. Re1 Rc5 23. h3 Kf8 24. Rbe2 Rb7 25. g4 Bc8 26. Rd1 h6 27. Rd4
f5 28. Bf3 Rbb5 29. gxf5 Bxf5 30. Rf4 Kf7 31. h4 e5 32. dxe6+ Ke7 33. Bg4 Re5
34. Rxe5 dxe5 35. Rc4 Kxe6 36. Bxf5+ Kxf5 37. Kg2 h5 38. Kf3 $11 Rb6 39. Ke3
Ra6 40. Rxb4 Rxa2 41. Kf3 Rd2 42. Ke3 Rd1 43. f4 Rh1 44. fxe5 Rh3+ 45. Kf2 Kxe5
46. Kg2 Rd3 47. Rb5+ Ke4 48. Rg5 Rxb3 1/2-1/2

[Event "SG Solingen 3 - SV Hilden 1"]
[Site "NRW-Klasse - Gruppe 4 2019/20"]
[Date "2019.11.03"]
[Round "3.8"]
[White "Flesch, Stefan"]
[Black "Krause, Peter"]
[Result "1-0"]
[WhiteElo "1975"]
[BlackElo "1874"]
[PlyCount "111"]
[EventDate "2019.??.??"]
[SourceVersionDate "2020.03.16"]
[WhiteTeam "SG Solingen 3"]
[BlackTeam "SV Hilden 1"]

1. d4 Nf6 2. c4 e6 3. Nc3 Bb4 4. e3 b6 5. Bd2 Bb7 6. Nf3 O-O 7. Be2 d5 8. O-O
dxc4 9. Bxc4 c5 10. a3 Bxc3 11. Bxc3 Nbd7 12. dxc5 Nxc5 13. Qe2 Qe7 14. Rfd1
Rfd8 15. h3 Rxd1+ 16. Rxd1 Rd8 17. Ne5 Qc7 18. Bd4 Nce4 19. Bd3 h6 20. Ng4 Qe7
21. Be5 Nxg4 22. Qxg4 Nf6 23. Qa4 Bd5 24. Bf1 Rc8 25. f3 Ne8 26. e4 Bc6 27. Qb3
Qc5+ 28. Bd4 Qg5 29. Be3 Qf6 30. Rc1 Bb7 31. Rxc8 Bxc8 32. Qa4 Qe7 33. e5 g6
34. Qd4 Kh7 35. Qf4 Qf8 36. Qc4 Bb7 37. Bd3 Kg7 38. Qa4 Nc7 39. Qxa7 Qd8 40.
Bf1 Qd5 41. Qxb6 Na8 42. Qd4 Qb3 43. h4 Nc7 44. Qc3 Bd5 45. Qxb3 Bxb3 46. Kf2
Nd5 47. g3 h5 48. Bc5 f6 49. Bd4 fxe5 50. Bxe5+ Kf7 51. Bd3 Ne7 52. Ke3 Nf5+
53. Kd2 g5 54. hxg5 h4 55. gxh4 Nxh4 56. Be4 1-0

[Event "Siegener SV 1 - SF Stadtverwaltung Bonn"]
[Site "NRW-Klasse - Gruppe 4 2019/20"]
[Date "2019.11.03"]
[Round "3.1"]
[White "Horstmann, Olaf"]
[Black "Schischke, Reinhard"]
[Result "1/2-1/2"]
[WhiteElo "2147"]
[BlackElo "2147"]
[PlyCount "31"]
[EventDate "2019.??.??"]
[SourceVersionDate "2020.03.16"]
[WhiteTeam "SF Stadtverwaltung Bonn 1"]
[BlackTeam "Siegener SV 1"]

1. e4 e6 2. d3 b6 3. Qe2 d5 4. exd5 Qxd5 5. Nc3 Qd8 6. f4 Be7 7. Nf3 Bb7 8. g3
Nh6 9. Bg2 Nf5 10. Ne4 c5 11. Be3 Nxe3 12. Qxe3 Nc6 {(=)} 13. O-O Nd4 14. Qf2
Nxf3+ 15. Bxf3 Qc7 16. Rad1 1/2-1/2

[Event "Siegener SV 1 - SF Stadtverwaltung Bonn"]
[Site "NRW-Klasse - Gruppe 4 2019/20"]
[Date "2019.11.03"]
[Round "3.2"]
[White "Bouillon, Christian"]
[Black "Limp, Roland"]
[Result "1-0"]
[WhiteElo "2051"]
[BlackElo "2149"]
[PlyCount "87"]
[EventDate "2019.??.??"]
[SourceVersionDate "2020.03.16"]
[WhiteTeam "Siegener SV 1"]
[BlackTeam "SF Stadtverwaltung Bonn 1"]

1. e4 c5 2. Nc3 d6 3. g3 e5 4. Bg2 g6 5. Nd5 Bg7 6. c3 Ne7 7. Ne3 O-O 8. Ne2
Nbc6 9. O-O f5 10. exf5 gxf5 11. f4 Be6 12. d3 Qd7 13. Kh1 Rad8 14. Bd2 e4 15.
dxe4 fxe4 16. Bxe4 d5 17. Bf3 d4 18. cxd4 Nxd4 19. Nxd4 Qxd4 20. Bc1 Qb4 21.
Qc2 Rd4 22. a3 Qb6 23. Bd2 Bb3 24. Qc1 Rd3 25. Bc3 Bd4 26. Bxd4 Rxd4 27. Ng4
Nf5 28. Qc3 Rfd8 29. Rae1 Bc4 30. Rf2 Qd6 31. Re5 Ne7 32. Qe3 Rd3 33. Qe4 Rd4
34. Qxb7 Ng6 35. Nh6+ Kh8 36. Nf5 Rd1+ 37. Kg2 Qf8 38. Rxc5 R1d7 39. Qb4 Be6
40. Ne3 Rd4 41. Qc3 Qg7 42. Rg5 h6 43. Rxg6 Qxg6 44. Nc2 1-0

[Event "Siegener SV 1 - SF Stadtverwaltung Bonn"]
[Site "NRW-Klasse - Gruppe 4 2019/20"]
[Date "2019.11.03"]
[Round "3.3"]
[White "Weigant, Wladimir"]
[Black "Richter, Gerald"]
[Result "1-0"]
[WhiteElo "2140"]
[BlackElo "1992"]
[PlyCount "66"]
[EventDate "2019.??.??"]
[SourceVersionDate "2020.03.16"]
[WhiteTeam "SF Stadtverwaltung Bonn 1"]
[BlackTeam "Siegener SV 1"]

1. d4 Nf6 2. Bg5 d5 3. Bxf6 gxf6 4. e3 Bf5 5. Bd3 Bxd3 6. Qxd3 Nc6 7. a3 e6 8.
Nd2 f5 9. Ne2 a6 10. g3 h5 11. h4 Bh6 12. Nb3 b6 13. Ng1 Qd7 14. Nf3 f6 15.
O-O-O Kd8 16. Kb1 Kc8 17. Rc1 Ne7 18. Rhd1 Kb7 19. Qd2 Ka7 20. Ne1 Qb5 21. Nd3
a5 22. Qe1 Rac8 23. Nd2 Qd7 24. Qe2 e5 25. dxe5 Qe6 26. exf6 Qxf6 27. Nf3 Bg7
28. c3 c5 29. Nf4 Qc6 30. Ng5 Bf6 31. Nxh5 Bxg5 32. hxg5 Rcg8 33. f4 Qe6 {
zeittot} 1-0

[Event "Siegener SV 1 - SF Stadtverwaltung Bonn"]
[Site "NRW-Klasse - Gruppe 4 2019/20"]
[Date "2019.11.03"]
[Round "3.4"]
[White "Schmidt, Matthias"]
[Black "Suppert, Timur"]
[Result "0-1"]
[WhiteElo "1952"]
[BlackElo "2095"]
[PlyCount "80"]
[EventDate "2019.??.??"]
[SourceVersionDate "2020.03.16"]
[WhiteTeam "Siegener SV 1"]
[BlackTeam "SF Stadtverwaltung Bonn 1"]

1. e4 d5 2. exd5 Nf6 3. Nc3 Nxd5 4. Nf3 Bg4 5. d3 Nc6 6. Be2 e6 7. a3 Be7 8.
O-O h5 9. h3 Bf5 10. Ne4 e5 11. c3 Nf4 12. Bxf4 exf4 13. b4 g5 14. b5 Nb8 15.
Nd4 Bg6 16. Re1 Kf8 17. Qc1 c5 18. bxc6 Nxc6 19. Nxc6 bxc6 20. Rb1 f5 21. Nd2
g4 22. Nc4 Bg5 23. Bf1 f3 24. Qb2 gxh3 25. Ne5 Rg8 26. Nxf3 hxg2 27. Be2 Bf6
28. Qb4+ Kg7 29. Qf4 Rb8 30. d4 Re8 31. Bc4 Rxb1 32. Rxb1 Re4 33. Rb7+ Re7 34.
Rb8 Qc7 35. Rg8+ Kh7 36. Ng5+ Bxg5 37. Qxg5 Rg7 38. Re8 Bxe8 39. Qxf5+ Bg6 40.
Qg5 Qe7 0-1

[Event "Siegener SV 1 - SF Stadtverwaltung Bonn"]
[Site "NRW-Klasse - Gruppe 4 2019/20"]
[Date "2019.11.03"]
[Round "3.5"]
[White "Marzec, Ronny"]
[Black "Besser, Jochen"]
[Result "1-0"]
[WhiteElo "2001"]
[BlackElo "1893"]
[PlyCount "49"]
[EventDate "2019.??.??"]
[SourceVersionDate "2020.03.16"]
[WhiteTeam "SF Stadtverwaltung Bonn 1"]
[BlackTeam "Siegener SV 1"]

1. e4 c5 2. Nf3 g6 3. d4 cxd4 4. Qxd4 Nf6 5. Nc3 Nc6 6. Qa4 d6 7. e5 Ng4 8. Bf4
Bg7 9. exd6 O-O 10. h3 Qb6 11. Ne4 Qxb2 12. Rd1 Nge5 13. Nxe5 Bxe5 14. Bc1 Bc3+
15. Ke2 Nd4+ 16. Qxd4 Qxc2+ 17. Rd2 Bxd2 18. Bxd2 Bf5 19. dxe7 Bxe4 20. exf8=Q+
Rxf8 21. f3 Bc6 22. Kf2 Qxa2 23. Bc4 Qc2 24. Rc1 Qf5 25. Bc3 1-0

[Event "Siegener SV 1 - SF Stadtverwaltung Bonn"]
[Site "NRW-Klasse - Gruppe 4 2019/20"]
[Date "2019.11.03"]
[Round "3.6"]
[White "Lindner, Torsten"]
[Black "Wagner, Rainer"]
[Result "1/2-1/2"]
[WhiteElo "1858"]
[BlackElo "1997"]
[PlyCount "86"]
[EventDate "2019.??.??"]
[SourceVersionDate "2020.03.16"]
[WhiteTeam "Siegener SV 1"]
[BlackTeam "SF Stadtverwaltung Bonn 1"]

1. e4 c5 2. Nf3 d6 3. d4 cxd4 4. Nxd4 Nf6 5. Nc3 a6 6. Be3 e5 7. Nb3 Be6 8. Be2
Nbd7 9. O-O Be7 10. f3 O-O 11. Nd5 Bxd5 12. exd5 b5 13. a4 Nb6 14. axb5 Nbxd5
15. Bf2 axb5 16. Bxb5 Qc7 17. Qd2 Nf4 18. c4 Nd7 19. Kh1 Nc5 20. Nxc5 dxc5 21.
Qe3 Rad8 22. Rfd1 Rd4 23. Qb3 Rxd1+ 24. Rxd1 Rd8 25. g3 Ne6 26. Kg2 Nd4 27.
Bxd4 {(=)} exd4 28. Qd3 g6 29. Ba4 Qb6 30. Bb5 Rd6 31. Re1 Re6 32. Rxe6 Qxe6
33. Qe4 Qf6 34. Ba4 d3 35. Qxd3 Qxb2+ 36. Qc2 Qd4 37. Bc6 Qe3 38. Bd5 Kg7 39.
Qf2 Qa3 40. Qe2 Bf6 41. Qe8 Qa2+ 42. Kh3 Qa7 43. Kg2 Qa2+ 1/2-1/2

[Event "Siegener SV 1 - SF Stadtverwaltung Bonn"]
[Site "NRW-Klasse - Gruppe 4 2019/20"]
[Date "2019.11.03"]
[Round "3.7"]
[White "Dehmel, Jens"]
[Black "Scholl, Eckhard"]
[Result "1/2-1/2"]
[WhiteElo "1960"]
[BlackElo "1882"]
[PlyCount "74"]
[EventDate "2019.??.??"]
[SourceVersionDate "2020.03.16"]
[WhiteTeam "SF Stadtverwaltung Bonn 1"]
[BlackTeam "Siegener SV 1"]

1. d4 c5 2. c3 Qa5 3. dxc5 Qxc5 4. e4 Nf6 5. Bd3 d6 6. Nf3 e6 7. O-O Be7 8. Re1
Nbd7 9. Bf4 Ne5 10. Nxe5 dxe5 11. Be3 Qc7 12. Bb5+ Bd7 13. Bxd7+ Qxd7 14. Qxd7+
Nxd7 15. Nd2 b6 16. Red1 Bc5 17. Nc4 Bxe3 18. Nxe3 Rc8 19. f3 Ke7 20. Kf2 Rc7
21. Rd2 h5 22. h4 g6 23. Rad1 Rhc8 24. Nc4 f6 25. Nd6 Ra8 26. c4 a6 27. b3 Raa7
28. g4 hxg4 29. fxg4 Nb8 30. h5 g5 31. h6 Nc6 32. h7 Ra8 33. Nc8+ Raxc8 34. Rd8
Rxd8 35. Rxd8 Nxd8 36. h8=Q Rd7 37. Ke3 Rd4 1/2-1/2

[Event "Siegener SV 1 - SF Stadtverwaltung Bonn"]
[Site "NRW-Klasse - Gruppe 4 2019/20"]
[Date "2019.11.03"]
[Round "3.8"]
[White "Besser, Axel"]
[Black "Weber, Meikel"]
[Result "1/2-1/2"]
[WhiteElo "1881"]
[BlackElo "1867"]
[PlyCount "41"]
[EventDate "2019.??.??"]
[SourceVersionDate "2020.03.16"]
[WhiteTeam "Siegener SV 1"]
[BlackTeam "SF Stadtverwaltung Bonn 1"]

1. d4 d5 2. Nf3 c6 3. g3 Bg4 4. Bg2 Nd7 5. O-O Ngf6 6. Nbd2 Qc7 7. c4 Bxf3 8.
exf3 dxc4 9. Nxc4 Nd5 10. Re1 e6 11. f4 Bb4 12. Bd2 Bxd2 13. Qxd2 O-O 14. Rac1
N7b6 15. Ne5 Qd6 16. a3 Rfd8 17. Red1 Ne7 18. Be4 h6 19. Nf3 Nbd5 20. Nh4 Nf6
21. Bb1 1/2-1/2

[Event "SV Weidenau/Geisweid 1 - Langenfelder S"]
[Site "NRW-Klasse - Gruppe 4 2019/20"]
[Date "2019.11.03"]
[Round "3.1"]
[White "Rechmann, Peter"]
[Black "Karthaeuser, Johannes"]
[Result "1-0"]
[WhiteElo "2202"]
[BlackElo "2158"]
[PlyCount "111"]
[EventDate "2019.??.??"]
[SourceVersionDate "2020.03.16"]
[WhiteTeam "Langenfelder SF 1"]
[BlackTeam "SV Weidenau/Geisweid 1"]

1. d4 Nf6 2. Nf3 g6 3. g3 Bg7 4. Bg2 O-O 5. O-O d6 6. b3 c5 7. Bb2 Nc6 8. d5
Na5 9. c4 a6 10. Nbd2 b5 11. e4 Rb8 12. e5 Nd7 13. Re1 bxc4 14. exd6 exd6 15.
Bxg7 Kxg7 16. bxc4 Nb6 17. Qc1 Na4 18. Nb3 Nxb3 19. axb3 Nb6 20. h4 Nd7 21. Re3
Nf6 22. Qc3 Kg8 23. Rae1 Rb7 24. Nd2 a5 25. Rf3 Ng4 26. h5 Bf5 27. Bh3 Re7 28.
Rxe7 Qxe7 29. Bxg4 Bxg4 30. Re3 Qd8 31. h6 f6 32. f3 Bd7 33. Ne4 Bf5 34. Nf2 g5
35. Re1 Rf7 36. g4 Bg6 37. Re6 Rf8 38. Nh3 Kf7 39. Nxg5+ Kg8 40. Nh3 Be8 41.
Nf2 Bd7 42. Rxd6 Qe7 43. Ne4 Bxg4 44. Qe3 Bf5 45. Qf4 Bxe4 46. fxe4 Kf7 47. Re6
Qd8 48. e5 Kg6 49. Rxf6+ Rxf6 50. Qxf6+ Qxf6 51. exf6 Kf7 52. Kf2 Kxf6 53. Kf3
Kf5 54. Ke3 Ke5 55. Kd3 Kf5 56. Kc3 1-0